000 01037cam a22003013a 4500
001 2594
003 PGUSA
005 20140828083017.0
008 060614s2006||||xxu|||||s|||||000 1 eng d
040 _aPGUSA
_beng
042 _adc
050 4 _aPR
100 1 _aGalsworthy, John,
_d1867-1933
245 1 4 _aThe Forsyte Saga, Volume II. :
_bIndian Summer of a Forsyte In Chancery
_h[electronic resource] /
_cJohn Galsworthy
260 _bProject Gutenberg,
_c2006
506 _aPublic domain in the USA.
516 _aElectronic text
653 _aWomen -- England -- Fiction
653 _aEngland -- Social life and customs -- 19th century -- Fiction
653 _aFamilies -- England -- Fiction
653 _aDomestic fiction
653 _aForsyte family (Fictitious characters) -- Fiction
653 _aEngland -- Social life and customs -- 20th century -- Fiction
653 _aMiddle class -- England -- Fiction
830 0 _aProject Gutenberg
_v2594
856 4 0 _uhttp://www.gutenberg.org/ebooks/2594
942 _cEB
999 _c231931
_d231931